=LDR 00000nam 2200000 4500 =001 INLIS000000000015938 =990 ##$$a 133.236/pro98 =005 20200429115136 =990 ##$$a 133.137/pro98 =035 ##$$a 0010-061300000015938 =008 200429################g##########0#ind## =041 ##$$a Ind =082 ##$$a 2x3 =090 ##$$a 2x3, Chi k =100 1#$$a khirzin, M. Muhammad =245 1#$$a Konsep dan hikmah akidah Islam, /$c Drs. Muhammad Chirzin M. Ag =260 ##$$a Yogyakarta :$b Mitra pustaka,$c 1997 =300 ##$$a ix, 134 hlm ; $c 12 x 18 cm =650 #4$$a Aqaid =850 ##$$a NBPNMAT =084 ##$$a 2x3 KHI k =250 ##$$a cet.1 =990 ##$$a 133.236/pro98 =990 ##$$a 133.137/pro98